| 000 | 00000nam##2200000za#4500 |
| 001 | 9.580953 |
| 003 | CaOODSP |
| 005 | 20210624191304 |
| 007 | cr ||||||||||| |
| 008 | 150406|2002||||xxc|||||o f|0| 0 eng|d |
| 040 | |aCaOODSP|beng |
| 043 | |an-cn--- |
| 086 | 1 |aNH18-22/102-105E-PDF |
| 110 | 2 |aCanada Mortgage and Housing Corporation. |
| 245 | 10|aAchieving healthy indoor environments : |h[electronic resource]|ba review of Canadian options |
| 250 | |aRevised 2006 |
| 260 | |aOttawa - Ontario : |bCanada Mortgage and Housing Corporation |cc2002, 2006. |
| 300 | |a4p.|bfig. |
| 490 | 1 |aResearch highlight. Technical series|v02-105 |
| 500 | |aFile reproduced from original print. |
| 590 | |a14-17-Supp|b2014-10-09 |
| 775 | 08|tRevue des options canadiennes favorisant un environnement intérieur sain |w(CaOODSP)9.607862 |
| 830 | #0|aResearch highlight. Technical series ;|v02-105|w(CaOODSP)9.504482 |
| 856 | 40|ahttp://publications.gc.ca|qPDF|s267 KB|uhttps://publications.gc.ca/collections/collection_2014/schl-cmhc/NH18-22-102-105-eng.pdf|y02-105 |